| 000 | 00974cab a2200253 4500 | ||
|---|---|---|---|
| 001 | WB2741-43 | ||
| 008 | 090401t1991 xxu||||| |||| 00| 0 eng d | ||
| 035 | _a(Sirsi) u20889 | ||
| 041 | _aeng | ||
| 245 | _aProtect your quota through occupation | ||
| 260 | _c1991 | ||
| 350 | _a0 | ||
| 490 |
_aBig Farm Weekly _v17 October 1991, 10(1) |
||
| 520 | _aDiscusses the implications for producers worried about quota purchases following the Hamps Valley Farms arbitration award ordering the return of milk quota, which they sold in 1986 on the grounds that six original purchasers failed to take up sufficient occupation of the land to which the quota was originally attached. High Court ruling awaited. | ||
| 650 | _aARBITRATION AWARDS | ||
| 650 | _aGRAZING LICENCE | ||
| 650 | _aGRAZING TENANCY LICENCE | ||
| 650 | _aHAMPS VALLEY FARMS | ||
| 650 | _aMILK QUOTA | ||
| 650 | _aOCCUPATION OF LAND | ||
| 690 | _aRURAL PRACTICE | ||
| 942 | _n0 | ||
| 948 | _c04/03/1997 | ||
| 999 |
_c14001 _d14001 |
||